Enseñanza de las ciencias e infancia. Problemáticas y avances de teoría y campo desde Iberoamérica.

שמור ב:
מידע ביבליוגרפי
מחבר ראשי: Quintanilla Gatica, Mario (autor)
פורמט: ספר
יצא לאור: Santiago, Chile: Bellaterra, 2017.
מהדורה:1ª edición
נושאים:
גישה מקוונת:Disponible Online - Laboratorio Grecia
תגים: הוספת תג
אין תגיות, היה/י הראשונ/ה לתייג את הרשומה!

MARC

LEADER 00000nam a22000007a 4500
003 CL-VaPUC
005 20241217163436.0
008 230410t2017 ||||| |||| 00| 0 eng d
999 |c 440500  |d 440498 
020 |a 978-956-09033-2-7 
040 |c Pontificia Universidad Católica de Valparaíso 
082 0 4 |2 21  |a 372.35 QUI 2017 
100 |a Quintanilla Gatica, Mario  |e autor  |9 562362 
245 1 0 |a Enseñanza de las ciencias e infancia.  |b Problemáticas y avances de teoría y campo desde Iberoamérica. 
250 |a 1ª edición 
260 |a Santiago, Chile:  |b Bellaterra,  |c 2017. 
300 |a 260 páginas. 
500 |a c.1 Donación Profesor Cristian Merino (BIO). Memo Curauma 3/04/2023 
583 |c 20230410  |k Catalogador Asistente 
650 1 |a Enseñanza de las ciencias naturales  |x Educación infantil  |9 881438 
650 1 |a Educación científica  |x Educación parvularia  |9 881439 
856 |u http://laboratoriogrecia.cl/wp-content/uploads/downloads/2018/05/Ense%C3%B1anza-de-las-Ciencias-e-Infancia-CORREGIDO.pdf  |y Disponible Online - Laboratorio Grecia 
942 |2 ddc  |c BK 
952 |0 0  |1 0  |2 ddc  |4 0  |6 372_350000000000000_QUI_2017  |7 0  |8 A  |9 589543  |a BIBCUR  |b BIBCUR  |d 2023-04-10  |e Donación  |i 5657067  |o 372.35 QUI 2017  |p 5657067  |r 2025-04-22  |t 1  |w 2023-04-10  |y BK  |k BIO